The castle of Indolence /

Bibliographic Details
Main Author: Thomson, James, 1700-1748
Format: Book
Language:English
Published: [Hong Kong] : London : Hong Kong University Press; Oxford University Press [agents], 1956.

MARC

Tag First Indicator Second Indicator Subfields
LEADER 00000cam a2200000 4500
001 in00000034702
005 20151007062011.0
008 771031s1956 hk b 00000 eng
010 |a  56047548  
035 |a (OCoLC)03382361 
035 |9 AAD3714AM 
040 |a DLC  |c NRC  |d TXA  |d UtOrBLW 
049 |a TXAM  |c [273944] 
050 0 0 |a PR3732  |b .C3 1956 
082 0 |a 821.56 
092 |a 821  |b T483ca 
100 1 |a Thomson, James,  |d 1700-1748. 
245 1 4 |a The castle of Indolence /  |c Introd. by Edmund Blunden. Edited with notes by Alec M. Hardie. 
264 1 |a [Hong Kong] :  |b Hong Kong University Press;  |a London :  |b Oxford University Press [agents],  |c 1956. 
300 |a xix, 80 pages, 1 unnumbered page ;  |c 18 cm. 
336 |a text  |b txt  |2 rdacontent 
337 |a unmediated  |b n  |2 rdamedia 
338 |a volume  |b nc  |2 rdacarrier 
504 |a Bibliography: page [81]. 
999 |a MARS 
999 f f |s 29710484-8999-339c-ae17-adf409d170dd  |i dc9650bf-5489-3439-935d-fb3c79351bde  |t 0 
952 f f |p normal  |a Texas A&M University  |b College Station  |c Sterling C. Evans Library  |d Evans: Library Stacks  |t 0  |e PR3732 .C3 1956  |h Library of Congress classification  |i unmediated -- volume  |m A14801287644 
998 f f |a PR3732 .C3 1956  |t 0  |l Evans: Library Stacks